| 000 | 00495nam a2200157 a 4500 | ||
|---|---|---|---|
| 001 | 000042182 | ||
| 005 | 20201002040005.0 | ||
| 008 | 131118s2008 dr 000 0 spa d | ||
| 040 |
_aDO-SdBNP _bspa _cBNPHU |
||
| 082 |
_axxx _bH557p |
||
| 100 | 1 |
_aHernández, Ceo _969187 |
|
| 245 | 1 | 0 |
_aPinceladas para meditar 3 : _bnutrición y salud / _cDr. Ceo Hernández. |
| 246 | 1 | 0 |
_aPinceladas para meditar tres _bnutrición y salud |
| 260 |
_aSanto Domingo : _bTaller, _c2008. |
||
| 300 |
_a189 p. ; _c22 cm. |
||
| 999 |
_c41671 _d41671 |
||